History Quiz

Random History or Country Quiz
Score 0/30 Timer 06:00
7 Plays Today
% Correct
Barack Obama
USA
94.7%
Angela Merkel
Germany
92.9%
Benedict XVI
Vatican City
91.8%
Hu Jintao
China
91.5%
David Cameron
United Kingdom
82.1%
Manmohan Singh
India
79.2%
Mahmoud Ahmadinejad
Iran
78.4%
Nicolas Sarkozy
France
75.9%
Benjamin Netanyahu
Israel
74.6%
Hamid Karzai
Afghanistan
74.3%
Silvio Berlusconi
Italy
74.1%
Bashar al-Assad
Syria
73.1%
Jacob Zuma
South Africa
71.9%
Recep Tayyip Erdoğan
Turkey
70.8%
Ellen Johnson Sirleaf
Liberia
68.4%
% Correct
Evo Morales
Bolivia
61%
Cristina Kirchner
Argentina
59.1%
Raúl Castro
Cuba
56.5%
Stephen Harper
Canada
51.8%
Tarja Halonen
Finland
43.6%
Lech Kaczyński
Poland
42.9%
Lula da Silva
Brazil
41.6%
Jalal Talabani
Iraq
41.1%
Jean-Claude Juncker
Luxembourg
38.9%
José Sócrates
Portugal
37.6%
Felipe Calderón
Mexico
37.1%
J.L. Rodríguez Zapatero
Spain
37.1%
Kevin Rudd
Australia
36%
Brian Cowen
Ireland
31%
Michelle Bachelet
Chile
27.4%

You're not logged in!

Compare scores with friends on all Sporcle quizzes.
OR
Log In

Sporcle TV

Today on Sporcle TV


Watch our educational content, quiz creation guides, and fun videos on Sporcle TV.

Show Comments

Extras

Top Quizzes Today


Score Distribution

Paid Content

Your Account Isn't Verified!

In order to create a playlist on Sporcle, you need to verify the email address you used during registration. Go to your Sporcle Settings to finish the process.

Report this User

Report this user for behavior that violates our Community Guidelines.

Details: